| 000 | 00481nam a2200181Ia 4500 | ||
|---|---|---|---|
| 001 | 7876 | ||
| 005 | 20260306160527.0 | ||
| 008 | 260306t2006||||xx |||||||||||||| ||spa|| | ||
| 041 | _aESP | ||
| 082 |
_a363.5 _bM61 |
||
| 100 |
_aMinisterio de Vivienda, Construcción y Saneamiento _eAUT |
||
| 245 | 0 | _aPlanes nacionales de vivienda y saneamiento 2006 - 2015 | |
| 260 | _c2006 | ||
| 300 |
_a118 páginas : _c30 cm. |
||
| 650 | _aGEN | ||
| 654 | _aCAN | ||
| 942 |
_cLIB _dJUS _fJUS _2ddc _n |
||
| 999 |
_c7876 _d7876 |
||